Red and blue God, black and blue church : eyewitness accounts of how American churches are hijacking Jesus, bagging the Beatitudes, and worshiping the almighty dollar

Sparad:
Bibliografiska uppgifter
Huvudupphovsman: Garrison, Becky
Materialtyp: Bok
Språk:Undetermined
Publicerad: San Francisco, CA Jossey-Bass 2006
Ämnen:
Taggar: Lägg till en tagg
Inga taggar, Lägg till första taggen!
Thư viện lưu trữ: Trung tâm Học liệu Trường Đại học Cần Thơ
LEADER 00934nam a2200241Ia 4500
001 CTU_157318
008 210402s9999 xx 000 0 und d
020 |c 22.95 
082 |a 277.3083 
082 |b G242 
100 |a Garrison, Becky 
245 0 |a Red and blue God, black and blue church : 
245 0 |b eyewitness accounts of how American churches are hijacking Jesus, bagging the Beatitudes, and worshiping the almighty dollar 
245 0 |c Becky Garrison ; foreword by Robert Darden 
260 |a San Francisco, CA 
260 |b Jossey-Bass 
260 |c 2006 
650 |a United States,Christianity and politics,Christianity and culture,Thiên chúa giáo và chính trị,Thiên chúa giáo và văn hóa 
650 |x Church history,Hoa Kỳ,Hoa Kỳ 
650 |y 21st century 
650 |z United States,United States 
904 |i Nguyên 
980 |a Trung tâm Học liệu Trường Đại học Cần Thơ